Statistiques concernant Champions Pro A / Jeep Elite Basket

Cliquez ici pour prendre le quiz!

Statistiques générales

  • Ce quiz a été pris 779 fois
    (644 depuis la dernière actualisation)
  • Le résultat moyen est 5 sur 26

Statistiques - réponses

AnnéeRéponse% Correct
2019Villeurbanne
98%
2018Le Mans
45%
2016Villeurbanne
35%
2015Limoges
26%
2017Chalon
25%
2014Limoges
24%
2013Nanterre
22%
2009Villeurbanne
15%
2010Cholet
14%
2012Chalon
13%
2011Nancy
13%
1994Limoges
12%
2002Villeurbanne
12%
2000Limoges
11%
2004Pau Orthez
10%
2003Pau Orthez
10%
2001Pau Orthez
10%
1999Pau Orthez
10%
1998Pau Orthez
10%
1996Pau Orthez
10%
2007Roanne
10%
2008Nancy
9%
2005Strasbourg
9%
2006Le Mans
8%
1995Antibes
4%
1997Paris Racing
4%

Distribution des résultats

Percentile par nombre de réponses

% des personnes avec chaque résultat

Votre développement - résultats

Vous n’avez pas pris ce quiz depuis la dernière actualisation